Reviving the American dream (Record no. 80224)
[ view plain ]
| 000 -LEADER | |
|---|---|
| fixed length control field | 00740nam a2200169 a 4500 |
| 008 - FIXED-LENGTH DATA ELEMENTS--GENERAL INFORMATION | |
| fixed length control field | 120416s0000 ||||||||||||||||| || u |
| 020 ## - INTERNATIONAL STANDARD BOOK NUMBER | |
| International Standard Book Number | 8185938148 |
| 050 ## - LIBRARY OF CONGRESS CALL NUMBER | |
| Classification number | HJ 3258.A2 Riv |
| 100 ## - MAIN ENTRY--PERSONAL NAME | |
| Personal name | Rivlin, Alice M |
| 245 10 - TITLE STATEMENT | |
| Title | Reviving the American dream |
| 246 ## - | |
| -- | the economy, the states and the federal government |
| 260 ## - PUBLICATION, DISTRIBUTION, ETC. | |
| Place of publication, distribution, etc. | New Delhi |
| Name of publisher, distributor, etc. | Affiliated East-West Press |
| Date of publication, distribution, etc. | 1992 |
| 300 ## - PHYSICAL DESCRIPTION | |
| Extent | xi, 196p. |
| 350 ## - | |
| -- | 0.00 |
| 995 ## - | |
| -- | ANNEX COLLECTION (Main Library) |
| -- | 0.00 |
| -- | 727146 |
| -- | CBU-MAIN LIBRARY (Kitwe) |
| -- | 2 |
| -- | 60.00 |
| -- | HJ 3258.A2 Riv |
| -- | AVAILABLE |
| -- | 018537 |
| -- | Annex Low-Usage Collection |
| 995 ## - | |
| -- | ANNEX COLLECTION (Main Library) |
| -- | 0.00 |
| -- | 727145 |
| -- | CBU-MAIN LIBRARY (Kitwe) |
| -- | 1 |
| -- | 60.00 |
| -- | HJ 3258.A2 Riv |
| -- | AVAILABLE |
| -- | 018728 |
| -- | Annex Low-Usage Collection |
| 999 ## - | |
| -- | 80224 |
| -- | 80224 |
| Withdrawn status | Lost status | Source of classification or shelving scheme | Damaged status | Not for loan | Permanent Location | Current Location | Shelving location | Date acquired | Total Checkouts | Full call number | Barcode | Date last seen | Copy number | Price effective from | Koha item type |
|---|---|---|---|---|---|---|---|---|---|---|---|---|---|---|---|
| CBU-MAIN LIBRARY, KITWE. | CBU-MAIN LIBRARY, KITWE. | 06/29/2023 | HJ 3258.A2 Riv | 018537 | 06/29/2023 | 1 | 06/29/2023 | MONOGRAPH | |||||||
| CBU-MAIN LIBRARY, KITWE. | CBU-MAIN LIBRARY, KITWE. | 06/29/2023 | HJ 3258.A2 Riv | 018728 | 06/29/2023 | 2 | 06/29/2023 | MONOGRAPH |